Saramago: soy un comunista hormonal. Conversaciones con Jorge Halperín
Sparad:
| Huvudupphovsman: | |
|---|---|
| Materialtyp: | Bok |
| Språk: | spanska |
| Publicerad: |
Santiago
Aún Creemos en los Sueños
2002
|
| Upplaga: | 1a. ed |
| Serie: | Selección de Artículos de Le Monde Diplomatique, 9
|
| Ämnen: | |
| Taggar: |
Lägg till en tagg
Inga taggar, Lägg till första taggen!
|
MARC
| LEADER | 00000nam a2200000 a 4500 | ||
|---|---|---|---|
| 001 | UCI6725 | ||
| 003 | CL-VaPUC | ||
| 008 | 080523e20020000CL |||||||||||||||||spa|d | ||
| 020 | |a 9568134093 | ||
| 082 | 0 | 4 | |a 320.01 |b HAL |2 21 |
| 100 | |a Halperín, Jorge |e author |9 344283 | ||
| 245 | 1 | 0 | |a Saramago: soy un comunista hormonal. Conversaciones con Jorge Halperín |
| 250 | |a 1a. ed | ||
| 300 | |a 86 p | ||
| 942 | |c BK | ||
| 945 | |d 20080523 00:00:00 |a cmena | ||
| 260 | |a Santiago |b Aún Creemos en los Sueños |c 2002 | ||
| 600 | 0 | |a Saramago, José, |d 1922-2010 |9 529702 | |
| 650 | 7 | |a FILOSOFIA POLITICA |2 CL-VaPUC |9 529703 | |
| 650 | 0 | |a Democracia |9 255256 | |
| 650 | 0 | |a Comunismo |9 255588 | |
| 650 | 7 | |a PODER ECONOMICO |2 CL-VaPUC |9 338221 | |
| 650 | 0 | |a Ateísmo |9 265671 | |
| 583 | |a last modification |c 20080523 00:00:00 |k Rodrigo Vera | ||
| 490 | 0 | |a Selección de Artículos de Le Monde Diplomatique, 9 | |
| 999 | |c 330174 |d 330172 | ||
| 952 | |0 0 |1 0 |4 0 |6 320_010000000000000_HAL_2002 |7 0 |8 A |9 415583 |a BIBCUR |b BIBCUR |d 2019-11-22 |i 4440633 |o 320.01 HAL 2002 |p 4440633 |r 2025-04-22 |w 2019-11-22 |y BK |k PER | ||